000 00324nam a2200109Ia 4500
008 201216s9999 xx 000 0 und d
100 _aRushbrook, Frank
245 0 _aFire Aboard : The Problems of Prevention and Control in Ships and Port Installations
260 _aLondon
_bTechnical Press Ltd.
300 _a480
942 _cBK
999 _c6480
_d6480